Movies Quiz

Random Movies or Clip Quiz

Movie by Video Clip Quiz Stats

Quiz Updated Aug 11, 2016

Also try: Movie By Trailer
Challenge
Share
Tweet
Score 0/50 Timer 10:00
6 Plays Today
Time Movie % Correct
2:01 - 2:05The Wizard of Oz (1939)
93.8%
0:25 - 0:28Slumdog Millionaire (2008)
91.2%
2:27 - 2:29Toy Story 2 (1999)
91%
1:42 - 1:45The Green Mile (1999)
85.7%
0:49 - 0:52Groundhog Day (1993)
81.7%
1:18 - 1:20Shrek (2001)
80.1%
0:14 - 0:18Airplane! (1980)
77%
0:05 - 0:07Cast Away (2000)
76.5%
3:25 - 3:28The Sound of Music (1965)
75.5%
1:08 - 1:11The Lord of the Rings: The Two Towers (2002)
75.3%
0:34 - 0:37The Pianist (2002)
74.1%
1:56 - 1:59Catch Me If You Can (2002)
69.9%
3:30 - 3:32Star Wars: Episode V - The Empire Strikes Back (1980)
69.2%
1:13 - 1:16The Notebook (2004)
68.7%
0:43 - 0:47Casablanca (1942)
68.1%
4:04 - 4:07Cool Runnings (1993)
67.8%
3:40 - 3:43Mary Poppins (1964)
65.8%
2:12 - 2:15Hot Fuzz (2007)
63.9%
1:52 - 1:54Harry Potter and the Sorcerer's Stone (2001)
63.4%
1:22 - 1:25Batman Begins (2005)
62.5%
3:09 - 3:11Super Size Me (2004)
61.9%
3:59 - 4:02Ocean's Eleven (2001)
60.9%
0:09 - 0:12Psycho (1960)
58.9%
0:20 - 0:23Memento (2000)
56.9%
0:54 - 0:57The Princess Bride (1987)
56.7%
Time Movie % Correct
2:07 - 2:10Fight Club (1999)
53.5%
3:34 - 3:38Pirates of the Caribbean: At World's End (2007)
52.8%
3:49 - 3:51Mean Girls (2004)
51.5%
1:37 - 1:40Rat Race (2001)
48.9%
3:13 - 3:16The Transporter (2002)
47.9%
2:47 - 2:50Billy Elliot (2000)
46.3%
0:59 - 1:01Blazing Saddles (1974)
45.7%
0:00 - 0:03The Emperor's New Groove (2000)
42.7%
2:52 - 2:54Unbreakable (2000)
41.3%
0:30 - 0:32Sen to Chihiro no kamikakushi (2001)
41.2%
2:42 - 2:4512 Angry Men (1957)
37%
1:47 - 1:50The Rookie (2002)
36.7%
2:31 - 2:34El laberinto del fauno (2006)
36.3%
2:36 - 2:40Butch Cassidy and the Sundance Kid (1969)
36%
3:54 - 3:57The Italian Job (1969)
34.3%
3:45 - 3:47A Fish Called Wanda (1988)
33.9%
3:03 - 3:07Scary Movie 3 (2003)
32.2%
0:39 - 0:41Cidade de Deus (2002)
27.4%
2:17 - 2:20The Usual Suspects (1995)
25.2%
1:03 - 1:06Oklahoma! (1955)
22.3%
2:56 - 3:01From Russia with Love (1963)
11%
2:22 - 2:25The Freshman (1990)
10%
1:28 - 1:30The Bourne Identity (2002)
8.6%
1:32 - 1:35Some Like It Hot (1959)
5.5%
3:18 - 3:23Il Postino (1994)
4.5%

You're not logged in!

Compare scores with friends on all Sporcle quizzes.
Sign Up with Email
OR
Log In

You Might Also Like...

Show Comments

Extras

Top Quizzes Today


Score Distribution

Your Account Isn't Verified!

In order to create a playlist on Sporcle, you need to verify the email address you used during registration. Go to your Sporcle Settings to finish the process.